NLSUI OPAC header image

The United Nations and decolonization : The role of Afro-Asia (Record no. 9576)

MARC details
000 -LEADER
fixed length control field 00399nam a2200157Ia 4500
008 - FIXED-LENGTH DATA ELEMENTS--GENERAL INFORMATION
fixed length control field 160316s1971 xxu||||| |||| 00| 0 eng d
082 ## - DEWEY DECIMAL CLASSIFICATION NUMBER
Classification number 341.230000
Item number AYO
100 ## - MAIN ENTRY--PERSONAL NAME
Personal name Ayouty Yassin
245 ## - TITLE STATEMENT
Title The United Nations and decolonization : The role of Afro-Asia
250 ## - EDITION STATEMENT
Edition statement
260 ## - PUBLICATION, DISTRIBUTION, ETC.
Place of publication, distribution, etc. Hague
Name of publisher, distributor, etc. Martinus Nijhoff Publishers
Date of publication, distribution, etc. 1971
300 ## - PHYSICAL DESCRIPTION
Extent 286
Other physical details
Dimensions
365 ## - TRADE PRICE
Price amount
650 ## - SUBJECT ADDED ENTRY--TOPICAL TERM
Topical term or geographic name entry element
700 ## - ADDED ENTRY--PERSONAL NAME
Personal name
--
Holdings
Withdrawn status Lost status Damaged status Not for loan Home library Current library Shelving location Date acquired Total Checkouts Full call number Barcode Date last seen Price effective from Koha item type
        . . Library Compactors 30.05.2017   341.23 AYO 9851 30.05.2017 30.05.2017 BOOKs